000 00937nam a22002657a 4500
005 20170124105953.0
010 _a181543
020 _c07.50
035 _a181543
037 _bCen Lib/Ret
040 _aDPL
_bEN
082 _a333.32
_bKAL
100 _aKalia, K.K.
_914190
245 _aThe Punjab security of land tenures act, 1953 (Punjab act No. X of 953) :
_cby K.K. Kalia, Mani Subrat Jain [and] A.L. Fletcher
_bwith commentaries, rules, regulations, notifications, official orders and instructions etc. /
246 _b
260 _bMetropolitian Book Co,(Private) Ltd.
_aDelhi
_c1960
270 _a1, Faiz Bazar
_bDelhi
300 _axiii,148p. :
_c24cm(Hb)
_bill.
500 _aIncludes index.
650 _aIndia--Punjab
_914191
650 _aLand tenure--Law and legislation
_914192
700 _aJain, Mani Subrat
_914168
700 _aFletcher, A.L.
_914169
942 _2ddc
_cEN
_h333.32
_mKAL
999 _c125397
_d125397